• 首页
  • 本馆介绍
  • 公告通知
  • 最新文献
  • 馆藏检索
  • 电子资源
  • 读者导购
  • 参考咨询
  • 我的图书馆
  • 登录
  • 详细信息显示
  • 放入我的书架
  • 预约/预借图书
  • 作者相关作品
  • 分类相关作品
  • 丛书相关作品
  • 出版社相关作品

书目信息

  • 表格格式
  • 工作单格式
  • 卡片格式
题名:
晋朝那些儿事
    
 
作者: 月满西楼 著
分册:  
出版信息: 北京   中国工人出版社  2009
页数: 293页
开本: 24cm
丛书名:
单 册:
中图分类: K237.09
科图分类:
主题词:
电子资源:
ISBN: 978-7-5008-4397-9
000 00762nam0 2200229 45
001 1050637937
005 20131014150018.09
010    @a978-7-5008-4397-9@dCNY32.80
100    @a20100408d2009 ekmy0chiy0120 ea
101 0  @achi
102    @aCN@b110000
105    @ay z 000yy
106    @ar
200 1  @a晋朝那些儿事@AJin Chao Na Xie Er Shi@f月满西楼著@FYue Man Xi Lou Zhu
210    @a北京@c中国工人出版社@d2009
215    @a293页@d24cm
314    @a月满西楼,原名张军,山西某报社首席记者,读史多年由其钟爱晋史,两年前每晚深夜命笔,驰骋于晋朝近二百年的历史中,遂成此书。
607    @a中国@x古代史@z晋代@j通俗读物
690    @aK237.09@v4
701  0 @a月满西楼@AYue Man Xi Lou@4著
801  0 @aCN@bTANGWEI@c20100419
905    @b0588932-36@dK237.09@e50@f5
    
    晋朝那些儿事/月满西楼著.-北京:中国工人出版社,2009
    293页;24cm
    
    
    ISBN 978-7-5008-4397-9:CNY32.80
    
●
相关链接 在E读中查询图书 在五车中查询图书 在当当中查询图书 在豆瓣中查询图书


正题名:晋朝那些儿事     索取号:K237.09/50         预约/预借

序号 登录号 条形码 馆藏地/架位号 状态 备注
1 0588932   205889323   第二样本阅览室/ [索取号:K237.09/50] 在馆    
2 0588933   205889332   第二借阅区/ [索取号:K237.09/50] 在馆    
3 0588934   205889341   第二借阅区/ [索取号:K237.09/50] 在馆    
4 0588935   205889350   第二借阅区/ [索取号:K237.09/50] 在馆    
5 0588936   205889369   第二借阅区/ [索取号:K237.09/50] 在馆    
唐山师范学院图书馆 欢迎您!
大连网信软件有限公司© 版权所有